Ancient Indian History: (Record no. 189486)

MARC details
000 -LEADER
fixed length control field 00582nam a22001817a 4500
005 - DATE AND TIME OF LATEST TRANSACTION
control field 20220701160207.0
010 ## - LCCN (DPL NO)
LC control number ENG-133419
020 ## - INTERNATIONAL STANDARD BOOK NUMBER
International Standard Book Number 9789354790034
Terms of availability 750.00
035 ## - SYSTEM CONTROL NUMBER
System control number EN-116751
037 ## - SOURCE OF ACQUISITION
Source of stock number/acquisition DBAD/PUB
082 ## - DEWEY DECIMAL CLASSIFICATION NUMBER
Classification number 934
100 ## - MAIN ENTRY--PERSONAL NAME
Personal name Majumdar, Rohit
245 ## - TITLE STATEMENT
Title Ancient Indian History:
Remainder of title 7000 BCE to Islmic Settlement
Statement of responsibility, etc Rohit Majumdar
260 ## - PUBLICATION, DISTRIBUTION, ETC. (IMPRINT)
Place of publication, distribution, etc New Delhi
Name of publisher, distributor, etc Sage Publications India Pvt. Ltd
Date of publication, distribution, etc 2021
270 ## - ADDRESS
Address B1/I-I Mohan Cooperative Industrial Area Mathura Road
City New Delhi
Postal code 110044
300 ## - PHYSICAL DESCRIPTION
Extent vp.
Dimensions 24cm(pbk)
942 ## - ADDED ENTRY ELEMENTS (KOHA)
Source of classification or shelving scheme Dewey Decimal Classification
Item type English Books
Classification part 934
Call number suffix MAJ
Holdings
Withdrawn status Lost status Not for loan Collection code Home library Current library Date acquired Source of acquisition Cost, normal purchase price Full call number Barcode Copy number Cost, replacement price Koha item type
      Non-fiction Ashok Vihar Ashok Vihar 01/07/2022 DBAD/PUB 750.00 934 MAJ EN-116951 1 750.00 English Books

© Delhi Public Library
Hit Counter
free hit counter